Klasyfikacja medalowa na Igrzyskach Olimpijskich 2024 - Statystyki

Ogólne statystyki
  • Ten quiz został rozwiązany 51 razy
  • Średni wynik to 59 z 91
Statystyki odpowiedzi
Złoto Srebro Brąz Kraj % Poprawnych
40 44 42 USA
100%
40 27 24 Chiny
95%
16 26 22 Francja
93%
9 7 11 Kanada
93%
20 12 13 Japonia
90%
12 13 8 Niemcy
90%
18 19 16 Australia
88%
5 4 9 Hiszpania
88%
1 4 5 Polska
88%
4 4 3 Szwecja
88%
3 0 2 Czechy
85%
1 1 6 Grecja
85%
15 7 12 Holandia
85%
14 22 29 Wielka Brytania
85%
0 1 5 Indie
83%
0 3 2 Meksyk
83%
10 7 3 Nowa Zelandia
83%
1 2 1 Portugalia
83%
3 1 6 Belgia
80%
2 2 5 Dania
80%
13 9 10 Korea Południowa
80%
4 1 3 Norwegia
80%
1 3 2 Republika Południowej Afryki
80%
12 13 15 Włochy
80%
3 1 1 Serbia
78%
0 0 1 Słowacja
78%
0 3 5 Turcja
78%
2 0 3 Austria
76%
3 7 10 Brazylia
76%
1 1 1 Egipt
76%
4 2 5 Kenia
76%
3 4 2 Rumunia
76%
3 5 4 Ukraina
76%
6 7 6 Węgry
76%
1 5 1 Izrael
73%
0 1 1 Kosowo
73%
1 1 1 Argentyna
71%
3 1 3 Bułgaria
71%
2 2 3 Chorwacja
71%
4 0 3 Irlandia
71%
1 3 2 Jamajka
71%
2 1 6 Kuba
71%
0 2 2 Litwa
71%
1 1 0 Chile
68%
3 3 1 Gruzja
68%
3 6 3 Iran
68%
1 2 5 Szwajcaria
68%
2 0 1 Indonezja
66%
0 3 1 Kolumbia
66%
0 2 4 Korea Północna
66%
2 1 0 Słowenia
66%
2 0 5 Tajwan
66%
0 0 2 Albania
63%
0 3 1 Armenia
63%
2 2 3 Azerbejdżan
63%
1 0 0 Dominika
63%
1 3 0 Etiopia
61%
1 3 3 Kazachstan
61%
8 2 3 Uzbekistan
61%
2 0 1 Algieria
59%
0 0 1 Katar
59%
1 0 1 Maroko
59%
1 0 0 Pakistan
56%
0 0 1 Peru
56%
0 1 0 Cypr
54%
2 0 2 Filipiny
54%
0 1 3 Mołdawia
54%
0 2 4 Kirgistan
51%
1 3 2 Tajlandia
51%
1 1 0 Saint Lucia
49%
1 1 1 Tunezja
49%
0 0 1 Wybrzeże Kości Słoniowej
49%
0 1 0 Jordania
46%
0 1 0 Mongolia
46%
0 0 3 Tadżykistan
46%
1 2 2 Ekwador
44%
1 0 1 Gwatemala
44%
0 1 0 Panama
44%
0 1 0 Fidżi
41%
2 1 1 Bahrajn
39%
0 0 2 Malezja
39%
1 1 0 Uganda
39%
1 1 0 Botswana
37%
0 0 1 Zambia
37%
0 0 1 Singapur
34%
1 0 2 Dominikana
29%
0 0 2 Grenada
22%
2 0 2 Hongkong
22%
0 0 2 Portoryko
22%
0 0 1 Uchodźcy
20%
0 0 1 Wyspy Zielonego Przylądka
12%
Nie znaleziono quizów pasujących do podanych kryteriów
Rozkład punktacji
Procent ludzi z każdym wynikiem
Percentyl według liczby udzielonych odpowiedzi
Twoja historia wyników
Nie rozwiązałeś tego quizu